000 01965nam a22001697a 4500
005 20260702125837.0
020 _a9781529146363
082 _a658.409NAW
100 _a Nawaz, Sabina
245 _aYou're the boss:
_bbecome the manager you want to be
260 _aNew York
_bSimon & Schuster
_c2025
300 _a257p.
_b24 cm
504 _aIncludes bibliographical references (pages 251-257)
520 _aWhether you're in the C-Suite or newly promoted, you're most likely succeeding at your job. But are you reaching your full potential as a manager? Most top performers suspect they aren't, and Sabina Nawaz, former Microsoft executive and elite Fortune 500 coach, says they're usually right. Unfortunately, it's often hard to recognize the problem or know how to address it. In You're the Boss, Nawaz taps her experience and proprietary data drawn from analyzing and advising executives at organizations like Amazon, Microsoft, Google, Motorola, Nordstrom, and the United Nations, to offer managers everything they need to know to succeed at the job. Her work reveals that as our job expands, the added pressure to perform corrupts our actions, and our increased power will blind us to the impact of those actions. Even the most well-intentioned manager can quickly become the boss nobody wants to work for. You're the Boss is your executive coach in book form. It offers a fresh, evidence-based framework for managing pressure and power with grace and intelligence. Nawaz's potent, proven strategies guide you to anticipate the unavoidable hazards of leadership without changing who you are, based on over two decades of coaching and in-depth research into the psychology of behavior and relationships. Discover a powerful way to manage yourself and others, navigate working relationships, and communicate effectively. Become the boss you want to be--and others need--while experiencing less stress and greater impact
650 _aManagement
942 _cBK
999 _c11534
_d11534